00658njm a2200229Ia 450000100060000000300090000600500170001500800410003204000130007304000130008610000110009910000180011010000380012824500290016625000110019526000110020626000250021730000100024250000500025250500700030265000560037240102IT-RoPAU20220918181126.0131025s9999 xx 000 0 und d aIT-RoPAU cIT-RoPAU aAA.VV. eAutore musica gCodice autore musica SPICS: 12000 aWorld Famous Film Themes a1a ed. aLONDON bDECCA RECORD COMPANY aDISCO aColonna sonora. Musica da film. Disco 45 giri aMoulin Rouge - The Harry Lime Theme - Theme From Limelight - Anna aCOLONNA SONORA [DISCHI]eCodice MATERIA SPICS: 9950